• Desamortización

di Topical Term

Records bibliografici associati: 1

001 - CONTROL NUMBER

  • control field: 31917

003 - CONTROL NUMBER IDENTIFIER

  • control field: IT-RoINE

005 - DATE AND TIME OF LATEST TRANSACTION

  • control field: 20170307101134.0

008 - FIXED-LENGTH DATA ELEMENTS

  • fixed length control field: 170307|| aca||aabn | a|a d

040 ## - CATALOGING SOURCE

  • Original cataloging agency: IT-RoINE
  • Transcribing agency: IT-RoINE

150 ## - HEADING--TOPICAL TERM

  • Topical term or geographic name as entry element: Desamortización
  • Geographic subdivision: España
  • Geographic subdivision: Andalucía

670 ## - SOURCE DATA FOUND

  • Source citation: Work cat.: (IT-RoINE)0: Barrios Rozúa, Juan Manuel, 1969- 28751, Las desamortizaciones y el patrimonio histórico de Andalucía /, 2009.